In the Arena / (Record no. 186968)
[ view plain ]
| 000 -LEADER | |
|---|---|
| fixed length control field | 01088 a2200169 4500 |
| 003 - CONTROL NUMBER IDENTIFIER | |
| control field | Nust |
| 005 - DATE AND TIME OF LATEST TRANSACTION | |
| control field | 20230130105235.0 |
| 040 ## - CATALOGING SOURCE | |
| Transcribing agency | Nust |
| 082 ## - DEWEY DECIMAL CLASSIFICATION NUMBER | |
| Classification number | 920,NIX |
| 100 ## - MAIN ENTRY--PERSONAL NAME | |
| Personal name | Richard Nixon |
| 9 (RLIN) | 9108 |
| 245 ## - TITLE STATEMENT | |
| Title | In the Arena / |
| Statement of responsibility, etc. | Richard Nixon |
| 260 ## - PUBLICATION, DISTRIBUTION, ETC. | |
| Place of publication, distribution, etc. | Lahore |
| Name of publisher, distributor, etc. | Service Book Club |
| Date of publication, distribution, etc. | 1999 |
| 300 ## - PHYSICAL DESCRIPTION | |
| Extent | 450 |
| 505 ## - FORMATTED CONTENTS NOTE | |
| Formatted contents note | Peaks and Valleys (Page-3), Wilderness (Page-21), Renewal (Page-46), Family (Page-85), Religion (Page-95), Teachers (Page-103), Struggle (Page-114), Wealth (Page-121), Purpose (Page-131), Time (Page-136), Temperance (Page-143), Reading (Page-154), Conversation (Page-160), Memory (Page-167), Thinking (Page-174), Recreation (Page-181), Illness (Page-190), Tension (Page-198), Risks (Page-211), Politics (Page-227), Power (Page-235), Speaking (Page-242), Privacy (Page-260), Pat (Page-268), Friends (Page-277), Enemies (Page-285), Media (Page-293), Governing (Page-323), Philosophy (Page-347), Causes (Page-358), Geopolitics (Page-366), Decisions (Page-388), War (Page-396), Peace (Page-407), Twilight (Page-421). |
| 650 ## - SUBJECT ADDED ENTRY--TOPICAL TERM | |
| Topical term or geographic name entry element | In the arena |
| 9 (RLIN) | 108020 |
| 942 ## - ADDED ENTRY ELEMENTS (KOHA) | |
| Source of classification or shelving scheme | |
| Koha item type | Book |
| Withdrawn status | Lost status | Source of classification or shelving scheme | Damaged status | Not for loan | Permanent Location | Current Location | Shelving location | Date acquired | Full call number | Barcode | Date last seen | Price effective from | Koha item type | Public note | Total Checkouts |
|---|---|---|---|---|---|---|---|---|---|---|---|---|---|---|---|
| Military College of Signals (MCS) | Military College of Signals (MCS) | General Stacks | 12/12/2016 | 920,NIX | MCS28002 | 12/08/2016 | 12/12/2016 | Book | Almirah No.59, Shelf No.3 | ||||||
| Military College of Signals (MCS) | Military College of Signals (MCS) | General Stacks | 12/12/2016 | 920,NIX | MCS28003 | 12/08/2016 | 12/12/2016 | Book | Almirah No.59, Shelf No.3 | ||||||
| Military College of Signals (MCS) | Military College of Signals (MCS) | General Stacks | 01/30/2023 | 920,NIX | MCS21501 | 01/30/2023 | 01/30/2023 | Book | Almirah No.59, Shelf No.3 | ||||||
| Military College of Signals (MCS) | Military College of Signals (MCS) | General Stacks | 01/30/2023 | 920,NIX | MCS36470 | 01/30/2023 | 01/30/2023 | Book | Almirah No.59, Shelf No.3 |
